| 000 | 01082nam a2200301 a 4500 | ||
|---|---|---|---|
| 001 | BRL_1386 | ||
| 005 | 20190320211159.0 | ||
| 008 | 100114s1991----mx-ab#####---#000-0#spa-# | ||
| 020 | _a9686487913 | ||
| 041 | _aspa | ||
| 044 | _amx | ||
| 050 | 4 |
_aF1221.O86 _b.V43 1991 |
|
| 100 | 1 |
_aOliver Vega, Beatriz _926727 |
|
| 245 | 1 | 0 |
_aTextiles Otomies _cBeatriz Oliver Vega [y] Lydia Salazar Medina ; fotografía Gonzalo Gómez C....[et al.] ; ilustraciones Eduardo Pérez ...[et al.] |
| 260 |
_aMéxico _bINAH _c1991 |
||
| 300 |
_a135 p. _bil., mapas _c28 cm. |
||
| 500 | _aAu1615 | ||
| 500 | _aEn la parte inferior de la portada ´Catálogo de las colecciones etnograficas del Museo Nacional de Antropología´ | ||
| 504 | _aBibliografía: p. 33 | ||
| 650 | 1 | 4 |
_aTelas otomíes _vCatálogos _926728 |
| 650 | 1 | 4 |
_aTextiles otomíes _vCatálogos _926729 |
| 650 | 1 | 4 |
_aOtomíes _vCatálogos _xRopa _926730 |
| 700 | 1 |
_aSalazar Medina, Lydia _ecoaut. _926731 |
|
| 700 | 1 |
_aGómez C., Gonzalo _eil. _926732 |
|
| 700 | 1 |
_aPérez, Eduardo _eil. _926733 |
|
| 902 | _aGRL | ||
| 942 |
_2lcc _cB |
||
| 999 |
_c10197 _d10197 |
||